التدخل الإنساني فى العلاقات الدولية/ (Record no. 7867)
[ view plain ]
| 000 -الفاتح | |
|---|---|
| حقل البيانات ثابتة الطول | 00785nac a22001811u 4500 |
| 008 - عناصر البيانات ثابتة الطول - معلومات عامة | |
| حقل البيانات ثابتة الطول | 090318t2004 ua|||||r|||| 001 0dara d |
| 020 ## - الرقم الدولى المعيارى للكتب | |
| الرقم الدولى المعيارى للكتاب | 9948006844 |
| 082 ## - رقم تصنيف ديوى العشرى | |
| رقم التصنيف | 327 |
| رقم المادة | ر ح م |
| 100 ## - المدخل الرئيسى - إسم شخصى | |
| الإسم الشخصى | عبد الرحمن، محمد يعقوب |
| 9 (RLIN) | 17651 |
| 245 ## - بيان العنوان | |
| العنوان | التدخل الإنساني فى العلاقات الدولية/ |
| بيان المسئوليه,etc | محمد بعقوب عبد الرحمن |
| 260 ## - PUBLICATION, DISTRIBUTION, ETC. (IMPRINT) | |
| مكان الناشر او الموزع | أبو ظبي : |
| اسم الناشر او الموزع | ،مركز الإمارات للدراسات والبحوث الأستراتيجية |
| تاريخ النشر أو التوزيع | 2004 |
| 300 ## - الوصف المادى | |
| التعداد | 324ص: |
| تفاصيل ماديه اخرى للوعاء | أيض؛ |
| أبعاد الوعاء | 24 سم. |
| 504 ## - تبصرة ببليوجرافية | |
| تبصرة ببليوجرافية,الخ | يحتوي على إرجاعات ببليوجرافية ص 257-320 |
| 511 ## - | |
| -- | Catalogued by: Sara |
| 650 ## - المدخل الاضافى بالموضوع-مصطلح موضوعى | |
| مصطلح موضوعي أو اسم جغرافي كعنصر مدخل | العلاقات الخارجية |
| 9 (RLIN) | 22264 |
| 650 ## - المدخل الاضافى بالموضوع-مصطلح موضوعى | |
| مصطلح موضوعي أو اسم جغرافي كعنصر مدخل | التعاون الدولي |
| 9 (RLIN) | 15471 |
| 942 ## - عناصر المدخل الإضافي( كوها) | |
| Koha [default] item type | Book - Borrowing |
| سابقة رقم الطلب | 327ر ح م |
| مصدر التصنيف او مخطط الترفيف | Dewey Decimal Classification |
| حالة التراجع | حالة الفقد | مصدر التصنيف او خطة الترفيف | حالة تلف | ليس للاعارة | مجموعات كوها | المكان الدائم | المكان الحالي | موقع الترفيف | تاريخ الاكتساب | Source of acquisition | رقم الاستدعاء | الباركود | Date last seen | مُعار | التكلفة | نوع الوعاء |
|---|---|---|---|---|---|---|---|---|---|---|---|---|---|---|---|---|
| Dewey Decimal Classification | Central Library | Central Library | First floor | 08/02/2010 | 327ر ح م | 000009666 | 15/07/2025 | 22/11/2015 | 133.00 | Book - Borrowing |